| 000 | 01457cam a22003854i 4500 | ||
|---|---|---|---|
| 003 | PE-LiUPU | ||
| 005 | 20250731184103.0 | ||
| 008 | 150623s r 000 0 d | ||
| 020 | _a0385240406 | ||
| 035 | _a(Sirsi) i9780385240406 | ||
| 040 |
_aPE-LiUPU _bspa _cPE-LiUPU _erda |
||
| 049 | _aPRUA | ||
| 082 | 0 | 4 |
_a818.5402 _bC79 _221 |
| 100 | 1 |
_aCosby, Bill, _d1937-, _eautor. |
|
| 245 | 1 | 0 |
_aTime flies / _cBill Cosby. |
| 264 | 1 |
_aDoubleday, New York : _bA Dolphin Book, _c1987. |
|
| 300 |
_a176 páginas ; _c21 centímetros |
||
| 336 |
_atext _2rdacontent |
||
| 337 |
_aunmediated _2rdamedia |
||
| 338 |
_avolume _2rdacarrier |
||
| 505 | 0 | _aFrom temple to tire rack. That magician, your mind. Could I have a second opinion?. Do the legs go before the mind?. Time lurches on. Fifty is nifty after all. | |
| 526 | _aP145 | ||
| 526 | _aP127 | ||
| 526 | _aP97 | ||
| 526 | _aP14 | ||
| 526 | _aP07 | ||
| 600 | 1 |
_aCosby, Bill. _d1937- |
|
| 650 | 0 | 4 |
_aComediantes _xBiografías _zEstados Unidos. |
| 942 |
_2ddc _cBOOK |
||
| 949 |
_a818.5402 C79 _wDEWEY _c1 _i51574 _lCCODEBUL1 _mBUL _p10.00 _r0 _sY _tBOOK _u2015-6-24 _xTEOLOGIA _PP35 _0COMPRA _o.STAFF. Colección General |
||
| 994 |
_aC0 _bPEPRU |
||
| 596 | _a1 | ||
| 999 |
_a818.5402 C79 _wDEWEY _c33302 _i51574 _f2021-11-5 _g5 _lCCODEBUL1 _mBUL _p10.00 _r0 _sY _tBOOK _u2015-6-24 _xBIBLIOTECA _PP35 _0COMPRA _o.STAFF. Colección General _d33302 |
||
| 980 |
_81 _gALBERTO SANCHEZ Responsable de Automatización |
||